| 000 | 01669nam1a2200313 i 4500 | ||
|---|---|---|---|
| 001 | RU\NLR\bibl\152196 | ||
| 005 | 20260407063609.0 | ||
| 035 | _a(NLR Aleph) 000149202 | ||
| 090 |
_a855908 _c855908 |
||
| 100 | _a20010427g19 9999u d0rusy50 ca | ||
| 101 | 0 | _arus | |
| 102 | _aRU | ||
| 105 | _ay ||||||||| | ||
| 200 | 1 |
_aТорговый кодекс _eСб. нормат. документов, регламентирующих деятельность субъектов потреб. рынка г. Ниж. Тагил _fКом. по развитию потреб. рынка Администрации г. Ниж. Тагил, Фонд развития предпринимательства АМБ |
|
| 210 |
_aЕкатеринбург _cИзд-во АМБ _d2000 |
||
| 215 | _d20 | ||
| 225 | 1 | _aТорговля | |
| 300 | _aЗагл. обл.: Торговый кодекс Нижнего Тагила | ||
| 463 | 0 | _1001148841 | |
| 512 | 1 | _aТорговый кодекс Нижнего Тагила | |
| 606 | 0 |
_aТорговля _jЗаконы, постановления и т.п. _yНижний Тагил, г. _92202884 _3RU\NLR\auth\661323672 |
|
| 606 | 0 |
_aТорговля _jЗаконодательные материалы _yНижний Тагил, г. _92202884 _3RU\NLR\auth\661323672 |
|
| 686 | _aХ621.147.04-329(2Р-4Св-2НТ) | ||
| 712 | 0 | 2 |
_4570 _aНижне-Тагильский городской комитет по развитию потребительского рынка _9560554 _3RU\NLR\AUTH\8810030951 |
| 801 | 0 |
_aRU _bNLR _c20010427 _gPSBO |
|
| 801 | 1 |
_aRU _bNLR _c20010427 |
|
| 852 |
_aNLR _j2001-3/3608 |
||
| 942 | _cBOOK | ||